[Event "1st Grand Europe Open"]
[Site "Golden Sands BUL"]
[Date "2012.06.04"]
[Round "1.2"]
[White "Aginian, Nelly"]
[Black "Efimenko, Zahar"]
[Result "0-1"]
[WhiteTitle "WGM"]
[BlackTitle "GM"]
[WhiteElo "2254"]
[BlackElo "2689"]
[WhiteFideId "13300628"]
[BlackFideId "14107201"]
[EventDate "2012.06.04"]
[EventType "swiss"]

1. e4 e5 2. Nf3 Nc6 3. Bb5 a6 4. Bxc6 dxc6 5. O-O Be7 6. d3 Bf6 7. Nbd2 Ne7 8.
b3 c5 9. a4 Nc6 10. Nc4 O-O 11. h3 Re8 12. a5 b5 13. axb6 cxb6 14. Bb2 Nd4 15.
Ne3 Be6 16. Ng4 Bxg4 17. hxg4 Qd7 18. Nd2 b5 19. Nb1 Ne6 20. Nc3 Nc7 21. Qe2 Re6
22. Ra5 Bd8 23. Rfa1 Rg6 24. Nd1 Ne6 25. R5a2 Nd4 26. Bxd4 exd4 27. f3 Bc7 28.
Nf2 Bf4 29. Nh3 Be3+ 30. Kh2 Qc7+ 31. g3 a5 32. Kg2 h5 33. Rf1 a4 34. Rfa1 hxg4
35. fxg4 Qd7 36. c4 Re8 37. cxb5 axb3 38. Ra7 Qxb5 39. Rf1 Rf8 40. Nf4 Bxf4 41.
gxf4 b2 42. Qc2 Rxg4+ 43. Kf3 Rg6 44. Ra2 f5 45. Qc4+ Qxc4 46. dxc4 Rb6 0-1

[Event "1st Grand Europe Open"]
[Site "Golden Sands BUL"]
[Date "2012.06.04"]
[Round "1.3"]
[White "Georgiev, Kiril"]
[Black "Hagesaether, Ellen"]
[Result "1-0"]
[WhiteTitle "GM"]
[BlackTitle "WIM"]
[WhiteElo "2689"]
[BlackElo "2252"]
[WhiteFideId "2900017"]
[BlackFideId "1501909"]
[EventDate "2012.06.04"]
[EventType "swiss"]

1. Nf3 f5 2. d4 Nf6 3. g3 e6 4. Bg2 d5 5. O-O Bd6 6. c4 c6 7. b3 Qe7 8. Qc2 O-O
9. Nc3 b6 10. Na4 Nbd7 11. Nb2 Bb7 12. Nd3 Rac8 13. Bf4 c5 14. dxc5 Nxc5 15.
Bxd6 Qxd6 16. Nde5 dxc4 17. Nxc4 Qe7 18. Rac1 Nce4 19. Qb2 Rc7 20. Nd4 Bd5 21.
Ne3 Rfc8 22. Rxc7 Rxc7 23. Nxd5 Nxd5 24. Rc1 Kf7 25. e3 Rxc1+ 26. Qxc1 Qc5 27.
Qd1 Nef6 28. h3 g6 29. Bf1 Nc3 30. Qc2 Ke7 31. b4 Qc7 32. b5 Qc5 33. Nc6+ Kf7
34. Nxa7 Nfd5 35. Nc6 Kf6 36. Qb2 e5 37. Bg2 Nc7 38. Qd2 N7xb5 39. Qd8+ Kf7 40.
Qd7+ Kf6 41. a4 Qd6 42. Qxh7 Nc7 43. Qh8+ Ke6 44. Qg7 Ne8 45. Qg8+ Kd7 46. Qf7+ 1-0

[Event "1st Grand Europe Open"]
[Site "Golden Sands BUL"]
[Date "2012.06.04"]
[Round "1.4"]
[White "Vaarala, Eric"]
[Black "Cheparinov, Ivan"]
[Result "0-1"]
[BlackTitle "GM"]
[WhiteElo "2249"]
[BlackElo "2673"]
[WhiteFideId "1711962"]
[BlackFideId "2905540"]
[EventDate "2012.06.04"]
[EventType "swiss"]

1. c4 g6 2. Nc3 Bg7 3. g3 Nf6 4. Bg2 O-O 5. d4 d6 6. Nf3 Nc6 7. O-O a6 8. Re1
Na5 9. Nd2 Rb8 10. Rb1 c5 11. d5 b5 12. cxb5 axb5 13. b4 Ng4 14. Nxb5 Rxb5 15.
bxa5 Rxb1 16. Nxb1 Qxa5 17. Qd2 Qa6 18. Bb2 Qxa2 19. Bxg7 Qxd2 20. Nxd2 Kxg7 21.
Ra1 Nf6 22. Ra7 e6 23. Nc4 exd5 24. Nxd6 Be6 25. Rc7 Rd8 26. Nxf7 Bxf7 27. Rxc5
Ra8 28. Bf3 g5 29. h3 h5 30. g4 hxg4 31. hxg4 Ra7 32. Kg2 Re7 33. Ra5 Bg6 34.
Kf1 Rd7 35. Rc5 Bf7 36. Kg2 Be6 37. Kg3 Bxg4 38. Bxd5 Bxe2 39. Bc6 Rd3+ 40. Kg2
Kg6 41. Re5 Bg4 42. Bb7 Bh3+ 0-1

[Event "1st Grand Europe Open"]
[Site "Golden Sands BUL"]
[Date "2012.06.04"]
[Round "1.5"]
[White "Petrosian, Tigran L."]
[Black "Foisor, Mihaela-Veronica"]
[Result "1-0"]
[WhiteTitle "GM"]
[BlackTitle "WFM"]
[WhiteElo "2657"]
[BlackElo "2244"]
[WhiteFideId "13301616"]
[BlackFideId "2270757"]
[EventDate "2012.06.04"]
[EventType "swiss"]

1. e4 Nf6 2. Nc3 d5 3. e5 Nfd7 4. e6 fxe6 5. d4 Nc6 6. f4 g6 7. Nf3 Bg7 8. h4
Nf6 9. Ne5 Nxe5 10. fxe5 Ne4 11. Nxe4 dxe4 12. h5 Rf8 13. c3 c5 14. h6 Bh8 15.
Bb5+ Bd7 16. Qa4 a6 17. Bxd7+ Qxd7 18. Qxd7+ Kxd7 19. Be3 Rac8 20. Kd2 Kc6 21.
Raf1 Kd5 22. Rxf8 Rxf8 23. b3 b5 24. b4 cxd4 25. cxd4 Kc4 26. Rb1 g5 27. a3 g4
28. Kc2 g3 29. Kd2 Rd8 30. Ke2 Rf8 31. Rc1+ Kb3 32. Rc6 Kxa3 33. Rxa6+ Kxb4 34.
Rxe6 Re8 35. Rc6 Ka3 36. Bd2 b4 37. Ra6+ Kb3 38. Rb6 Rf8 39. Ke3 Rf2 40. Rxb4+
Kc2 41. Rc4+ Kb3 42. Rc3+ Kb2 43. Rc8 Rxg2 44. Rxh8 Rh2 45. Be1 g2 46. Bf2 Rh3+
47. Kxe4 1-0

[Event "1st Grand Europe Open"]
[Site "Golden Sands BUL"]
[Date "2012.06.04"]
[Round "1.6"]
[White "Ivelinov, Hristo"]
[Black "Melkumyan, Hrant"]
[Result "0-1"]
[BlackTitle "GM"]
[WhiteElo "2243"]
[BlackElo "2642"]
[WhiteFideId "2904039"]
[BlackFideId "13302485"]
[EventDate "2012.06.04"]
[EventType "swiss"]

1. d4 Nf6 2. c4 g6 3. Nc3 d5 4. Bg5 Bg7 5. e3 c5 6. Qa4+ Bd7 7. Qb3 cxd4 8. exd4
Nc6 9. O-O-O Na5 10. Qb4 dxc4 11. Nf3 O-O 12. Ne5 Be6 13. d5 Nxd5 14. Rxd5 Bxd5
15. Bxe7 Bh6+ 16. Kc2 Qc8 17. Qxa5 Qf5+ 18. Kd1 Qxe5 19. Nxd5 b6 20. Bf6 Qe4 21.
Ne7+ Qxe7 22. Bxe7 Rfd8+ 23. Bxd8 Rxd8+ 24. Ke1 bxa5 25. Bxc4 Rd2 26. g3 Rc2 27.
Bd5 Bg7 28. h3 Rxb2 29. Rh2 a4 30. Rg2 Bc3+ 31. Kf1 Rb5 32. Bc4 Rc5 33. Bd3 Re5
34. Kg1 Kg7 35. Kh2 Be1 36. f4 Re3 37. Bc4 h5 38. Bb5 a3 39. g4 h4 40. Re2 Bg3+
41. Kg2 Rc3 42. f5 gxf5 43. gxf5 Bd6 44. f6+ Kxf6 45. Bd7 Kg6 46. Rf2 Bc5 47.
Bf5+ Kg5 48. Rf1 Bd6 49. Bg4 Bf4 50. Rf3 Rc2+ 51. Rf2 Rb2 52. Bd1 Be3 53. Re2
Kf4 54. Rc2 f5 55. Re2 Bd4 56. Rc2 Ke3 57. Kf1 Rb1 58. Ke1 f4 59. Re2+ Kd3 60.
Rd2+ Ke4 61. Rg2 f3 62. Rc2 f2+ 0-1

[Event "1st Grand Europe Open"]
[Site "Golden Sands BUL"]
[Date "2012.06.04"]
[Round "1.7"]
[White "Vuckovic, Bojan"]
[Black "Spiridonov, Nikola"]
[Result "1-0"]
[WhiteTitle "GM"]
[BlackTitle "GM"]
[WhiteElo "2628"]
[BlackElo "2240"]
[WhiteFideId "922277"]
[BlackFideId "2900238"]
[EventDate "2012.06.04"]
[EventType "swiss"]

1. e4 c6 2. d4 d5 3. f3 g6 4. Nc3 Bg7 5. Be3 Qb6 6. a3 e5 7. Nge2 Ne7 8. Qd2
exd4 9. Bxd4 Bxd4 10. Qxd4 Qxd4 11. Nxd4 Be6 12. O-O-O Nd7 13. exd5 Nxd5 14.
Nxd5 Bxd5 15. c4 Be6 16. Nxe6 fxe6 17. g3 Rf8 18. f4 Rf6 19. Bh3 Rd8 20. Kc2 Nf8
21. c5 Rf7 22. Rxd8+ Kxd8 23. Re1 Ke7 24. Kc3 Kf6 25. b4 Rd7 26. Bg2 h6 27. a4
a6 28. b5 axb5 29. axb5 cxb5 30. Rb1 e5 31. fxe5+ Kxe5 32. Rxb5 Rc7 33. Bxb7 Ne6
34. Kc4 Nd4 35. Rb2 Ne6 36. c6 Rf7 37. Kb5 Kd4 38. Kb6 Kc3 39. Re2 Nc7 40. Bc8
Nd5+ 41. Kc5 Nc7 42. Bd7 Na6+ 43. Kb6 Nb8 44. Be6 1-0

[Event "1st Grand Europe Open"]
[Site "Golden Sands BUL"]
[Date "2012.06.04"]
[Round "1.8"]
[White "Kigel, Dmytro"]
[Black "Parligras, Mircea-Emilian"]
[Result "0-1"]
[WhiteTitle "FM"]
[BlackTitle "GM"]
[WhiteElo "2233"]
[BlackElo "2622"]
[WhiteFideId "14117932"]
[BlackFideId "1204297"]
[EventDate "2012.06.04"]
[EventType "swiss"]

1. d4 Nf6 2. c4 e6 3. Nc3 Bb4 4. e3 O-O 5. Bd3 d5 6. Nf3 c5 7. O-O dxc4 8. Bxc4
b6 9. Qe2 Bb7 10. Rd1 cxd4 11. exd4 Bxc3 12. bxc3 Qc7 13. Ne5 Nbd7 14. Nxd7 Qxd7
15. Bb2 Rac8 16. Bd3 Qd5 17. f3 Rfd8 18. c4 Qg5 19. Qd2 Qxd2 20. Rxd2 Ba6 21.
Rc1 Rc7 22. Kf2 Ne8 23. Ke3 Rdc8 24. Rdc2 Nd6 25. c5 Bxd3 26. Kxd3 Nf5 27. cxb6
Rxc2 28. Rxc2 Rxc2 29. Kxc2 axb6 30. Kd3 Kf8 31. Ba3+ Ke8 32. Ke4 Nh4 33. g3 f5+
34. Kf4 Ng6+ 35. Kg5 Kf7 36. Bd6 b5 37. h4 h6+ 38. Kh5 Nh8 39. g4 Kg8 40. g5 Kh7
41. gxh6 Nf7 42. hxg7 Nxd6 43. g8=Q+ Kxg8 44. Kg6 Ne4 45. d5 exd5 46. Kxf5 Nc3
47. Ke5 b4 48. Kd4 Nxa2 0-1

[Event "1st Grand Europe Open"]
[Site "Golden Sands BUL"]
[Date "2012.06.04"]
[Round "1.9"]
[White "Atalik, Suat"]
[Black "Prodileanu, Adrian"]
[Result "1-0"]
[WhiteTitle "GM"]
[WhiteElo "2608"]
[BlackElo "2226"]
[WhiteFideId "14401487"]
[BlackFideId "1208861"]
[EventDate "2012.06.04"]
[EventType "swiss"]

1. d4 Nf6 2. c4 e6 3. g3 c5 4. d5 exd5 5. cxd5 d6 6. Nc3 g6 7. Nf3 Bg7 8. Bg2
O-O 9. O-O a6 10. a4 Re8 11. Bf4 Qc7 12. Rc1 Nbd7 13. b4 Nh5 14. Bd2 Qb8 15. Rb1
Nhf6 16. Qc2 cxb4 17. Rxb4 Nc5 18. Nd4 Qc7 19. Rc1 Qe7 20. a5 Nfd7 21. h3 Qf8
22. Rcb1 Bf6 23. f4 Qg7 24. e3 h6 25. Na4 Qf8 26. Nb2 Bg7 27. Nc4 Kh8 28. Bc3
Nf6 29. Rb6 Nfe4 30. Be1 Qe7 31. Nxd6 Nxd6 32. Qxc5 Qxe3+ 33. Bf2 Ne4 34. Bxe4
Qxe4 35. Re1 Qxe1+ 36. Bxe1 Rxe1+ 37. Kg2 Rd1 38. Nf3 Bf5 39. Rxb7 Rc8 40. Rc7
Rxc7 41. Qxc7 Be4 42. Kf2 Bxd5 43. Ke2 Bxf3+ 44. Kxf3 Kh7 45. Qxf7 Ra1 46. Qc7
Ra3+ 47. Ke2 h5 48. g4 Rxh3 49. f5 hxg4 50. f6 1-0

[Event "1st Grand Europe Open"]
[Site "Golden Sands BUL"]
[Date "2012.06.04"]
[Round "1.10"]
[White "Yakimenko, Alexander A."]
[Black "L'Ami, Erwin"]
[Result "0-1"]
[BlackTitle "GM"]
[WhiteElo "2220"]
[BlackElo "2605"]
[WhiteFideId "24141917"]
[BlackFideId "1007998"]
[EventDate "2012.06.04"]
[EventType "swiss"]

1. d4 Nf6 2. c4 g6 3. Nc3 Bg7 4. e4 O-O 5. Nf3 d6 6. Be2 Bg4 7. Be3 Nfd7 8. h3
Bxf3 9. gxf3 e5 10. d5 Nf6 11. Qd2 Nh5 12. O-O-O Nd7 13. Bd3 Nc5 14. Bc2 a5 15.
Kb1 Nf4 16. Ne2 Qf6 17. Nxf4 exf4 18. Bd4 Qxd4 19. Qxd4 Bxd4 20. Rxd4 Nd7 21.
Rc1 Ne5 22. Bd1 b6 23. Rc3 Kg7 24. Bc2 Kf6 25. Rd1 g5 26. Rg1 Rg8 27. Bd1 Rg6
28. Be2 Rh6 29. Bf1 Rh4 30. Kc2 h5 31. Kd2 Rg8 32. b3 Rg6 33. Ke2 g4 34. fxg4
hxg4 35. hxg4 Nxg4 36. Rh3 Rxh3 37. Bxh3 f3+ 38. Ke1 Ne5 39. Rg3 Nd3+ 40. Kd2
Rxg3 41. fxg3 Nf2 42. Bf5 Nh1 43. g4 Ke5 44. g5 Ng3 45. g6 fxg6 0-1

[Event "1st Grand Europe Open"]
[Site "Golden Sands BUL"]
[Date "2012.06.04"]
[Round "1.11"]
[White "Lupulescu, Constantin"]
[Black "Atanasov, Radislav"]
[Result "1-0"]
[WhiteTitle "GM"]
[WhiteElo "2603"]
[BlackElo "2218"]
[WhiteFideId "1207822"]
[BlackFideId "2901471"]
[EventDate "2012.06.04"]
[EventType "swiss"]

1. d4 Nf6 2. c4 c5 3. d5 e6 4. Nc3 exd5 5. cxd5 d6 6. Nf3 g6 7. Bg5 h6 8. Bh4
Bg7 9. Nd2 Nbd7 10. e4 O-O 11. Be2 a6 12. a4 Rb8 13. O-O Re8 14. f4 c4 15. Nxc4
b5 16. axb5 axb5 17. Nxd6 Qb6+ 18. Kh1 Qxd6 19. e5 Qb4 20. exf6 Nxf6 21. Be1 Bf5
22. Ra2 Ng4 23. Bxg4 Bxg4 24. Qxg4 Qc4 25. Qf3 b4 26. Ra1 Re3 27. Qxe3 Qxf1+ 28.
Qg1 Qd3 29. Nd1 Qxd5 30. Qf1 Qe4 31. h3 Rc8 32. Bg3 Rc2 33. Qf3 Qxf3 34. gxf3
Rd2 35. Be1 Rd4 36. Kg2 Rxf4 37. Ra8+ Kh7 38. Rb8 Rd4 39. Nf2 Rc4 40. b3 Rc1 41.
Bxb4 Rc2 42. Rd8 Rb2 43. Rd3 1-0

[Event "1st Grand Europe Open"]
[Site "Golden Sands BUL"]
[Date "2012.06.04"]
[Round "1.13"]
[White "Fier, Alexandr"]
[Black "Konijn, Bart"]
[Result "1-0"]
[WhiteTitle "GM"]
[WhiteElo "2596"]
[BlackElo "2211"]
[WhiteFideId "2107139"]
[BlackFideId "1016300"]
[EventDate "2012.06.04"]
[EventType "swiss"]

1. d4 d5 2. c4 c6 3. Nf3 Nf6 4. Nc3 e6 5. Bg5 h6 6. Bh4 dxc4 7. e4 g5 8. Bg3 b5
9. Be2 Nbd7 10. d5 Nc5 11. Be5 Be7 12. h4 Rg8 13. hxg5 hxg5 14. Qd4 Ng4 15. dxc6
Qb6 16. Bg3 b4 17. Rh8 Rf8 18. Rxf8+ Bxf8 19. Nd1 e5 20. Qxc4 Ba6 21. Qc2 Qxc6
22. Nxg5 Bh6 23. Nf3 Bxe2 24. Qxe2 Nxe4 25. Nxe5 Nxe5 26. Bxe5 Kf8 27. Bd4 Re8
28. Ne3 Qd6 29. O-O-O Qg6 30. Qc2 Nxf2 31. Bc5+ Kg8 32. Qxf2 Qe4 33. Qg3+ Kh7
34. Rh1 Qc4+ 35. Kb1 1-0

[Event "1st Grand Europe Open"]
[Site "Golden Sands BUL"]
[Date "2012.06.04"]
[Round "1.15"]
[White "Solak, Dragan"]
[Black "Koksal, Ege"]
[Result "1/2-1/2"]
[WhiteTitle "GM"]
[WhiteElo "2586"]
[BlackElo "2200"]
[WhiteFideId "916811"]
[BlackFideId "6317626"]
[EventDate "2012.06.04"]
[EventType "swiss"]

1. e4 e5 2. Nf3 Nc6 3. Bb5 a6 4. Bxc6 dxc6 5. O-O Be7 6. h3 Bf6 7. d4 exd4 8.
Qe2 c5 9. Rd1 Bd7 10. c3 Bb5 11. Qe1 d3 12. a4 Bc4 13. Qe3 b6 14. Na3 Be6 15.
Rxd3 Qc8 16. a5 Be7 17. Ne5 Qb7 18. f4 c4 19. Rd4 Bc5 20. f5 f6 21. Nf3 Bf7 22.
e5 Ne7 23. e6 Bh5 24. Nh4 g5 25. fxg6 Bxg6 26. axb6 Bxd4 27. Qxd4 Qxb6 28. Qxb6
cxb6 29. Nxc4 Nd5 30. Nf3 O-O 31. Nd4 Rfe8 32. Bh6 b5 33. Nd6 Red8 34. Nb7 Rdc8
35. Nd6 Rd8 36. Nb7 Rdc8 37. Na5 Re8 38. Rf1 Rac8 39. Rf3 Rc7 40. h4 Be4 41. Rf2
Kh8 42. Re2 Bd3 43. Rd2 Be4 44. Re2 Bd3 1/2-1/2

[Event "1st Grand Europe Open"]
[Site "Golden Sands BUL"]
[Date "2012.06.04"]
[Round "1.16"]
[White "Andersen, Alf R."]
[Black "Swiercz, Dariusz"]
[Result "0-1"]
[BlackTitle "GM"]
[WhiteElo "2199"]
[BlackElo "2585"]
[WhiteFideId "1503120"]
[BlackFideId "1126881"]
[EventDate "2012.06.04"]
[EventType "swiss"]

1. e4 c5 2. Nf3 e6 3. d4 cxd4 4. Nxd4 a6 5. Be3 Nf6 6. Bd3 d6 7. c4 Be7 8. Nc3
O-O 9. O-O Qc7 10. Rc1 b6 11. b3 Bb7 12. f3 Nbd7 13. Qd2 Rac8 14. Qf2 Qb8 15.
Rfd1 Rfe8 16. Bb1 Bd8 17. g4 Bc7 18. Qh4 g6 19. Nde2 Ba8 20. g5 Nh5 21. Qf2 Rf8
22. Ng3 Ng7 23. f4 f6 24. gxf6 Nxf6 25. Qe2 Rf7 26. f5 exf5 27. exf5 gxf5 28.
Bxf5 Re8 29. Qd3 d5 30. Bf2 dxc4 31. bxc4 Nxf5 32. Nxf5 Bxh2+ 33. Kf1 Qf4 34.
Rc2 Ne4 35. Nxe4 Bxe4 36. Qd6 Bxf5 37. Qxf4 Bh3# 0-1

[Event "1st Grand Europe Open"]
[Site "Golden Sands BUL"]
[Date "2012.06.04"]
[Round "1.17"]
[White "Grigoryan, Avetik"]
[Black "Mgeladze, Tamaz"]
[Result "1-0"]
[WhiteTitle "GM"]
[BlackTitle "FM"]
[WhiteElo "2581"]
[BlackElo "2195"]
[WhiteFideId "13302191"]
[BlackFideId "13601202"]
[EventDate "2012.06.04"]
[EventType "swiss"]

1. d4 Nf6 2. c4 g6 3. Nc3 Bg7 4. e4 d6 5. h3 O-O 6. Nf3 e5 7. d5 Nbd7 8. Be3 a5
9. g4 Nc5 10. Nd2 c6 11. Be2 Bd7 12. h4 a4 13. Kf1 Qa5 14. a3 Rfc8 15. h5 Rab8
16. hxg6 hxg6 17. Kg2 cxd5 18. exd5 b5 19. cxb5 Qa8 20. Nc4 Nb3 21. g5 Nh5 22.
Nxd6 Rxc3 23. bxc3 Nxa1 24. Bxh5 gxh5 25. c4 Nb3 26. Qxh5 Be6 27. f3 Bxd5 28.
cxd5 Qxd5 29. Nf5 1-0

[Event "1st Grand Europe Open"]
[Site "Golden Sands BUL"]
[Date "2012.06.04"]
[Round "1.19"]
[White "Esen, Baris"]
[Black "Stamnov, Aleksander"]
[Result "1-0"]
[WhiteTitle "GM"]
[BlackTitle "FM"]
[WhiteElo "2568"]
[BlackElo "2191"]
[WhiteFideId "6302114"]
[BlackFideId "15000664"]
[EventDate "2012.06.04"]
[EventType "swiss"]

1. d4 d5 2. Nf3 Nf6 3. c4 c6 4. Nc3 e6 5. Bg5 h6 6. Bxf6 Qxf6 7. Qb3 Nd7 8. e4
dxe4 9. Nxe4 Qf4 10. Bd3 Be7 11. O-O O-O 12. Rfe1 b6 13. Re3 Bb7 14. c5 Qc7 15.
Rc1 bxc5 16. dxc5 a5 17. Bb1 Ba6 18. Qc2 f5 19. Ng3 Nxc5 20. Rc3 Nd7 21. Qb3 Rf7
22. Rxc6 Qb8 23. Qxb8+ Nxb8 24. Rxe6 Bf6 25. Nxf5 Nd7 26. Be4 Rc8 27. Rxc8+ Bxc8
28. Re8+ Rf8 29. Ne7+ Bxe7 30. Rxe7 Nf6 31. Bc2 Bg4 32. Ne5 Bh5 33. h3 Rb8 34.
Bb3+ Kf8 35. Ra7 Rb5 36. Ra8+ Be8 37. Ng6# 1-0

[Event "1st Grand Europe Open"]
[Site "Golden Sands BUL"]
[Date "2012.06.04"]
[Round "1.20"]
[White "Bick, John D."]
[Black "Tikkanen, Hans"]
[Result "0-1"]
[WhiteTitle "FM"]
[BlackTitle "GM"]
[WhiteElo "2181"]
[BlackElo "2566"]
[WhiteFideId "2012790"]
[BlackFideId "1706446"]
[EventDate "2012.06.04"]
[EventType "swiss"]

1. d4 d5 2. c4 c6 3. cxd5 cxd5 4. Bf4 Nf6 5. e3 Qb6 6. Nc3 Bd7 7. Bd3 e6 8. Nge2
Nh5 9. Be5 Nc6 10. O-O Nxe5 11. dxe5 g6 12. Nd4 a6 13. a3 Ng7 14. Rc1 Be7 15.
Na4 Qa7 16. b4 O-O 17. Rc7 Bxa4 18. Qxa4 Bd8 19. Rc2 Bb6 20. Nf3 Bxe3 21. Qb3
Bh6 22. Re1 Rac8 23. Ree2 Qb8 24. g3 Nf5 25. Bxf5 gxf5 26. Nd4 Rxc2 27. Nxc2 Rc8
28. f4 Qc7 29. Kf2 Bf8 30. Ke1 a5 0-1

[Event "1st Grand Europe Open"]
[Site "Golden Sands BUL"]
[Date "2012.06.04"]
[Round "1.21"]
[White "Ipatov, Alexander"]
[Black "Matorin, Evgeny"]
[Result "1-0"]
[WhiteTitle "GM"]
[BlackTitle "IM"]
[WhiteElo "2561"]
[BlackElo "2175"]
[WhiteFideId "14116731"]
[BlackFideId "4137159"]
[EventDate "2012.06.04"]
[EventType "swiss"]

1. d4 Nf6 2. c4 e6 3. Nf3 c5 4. d5 exd5 5. cxd5 d6 6. Nc3 Be7 7. e4 O-O 8. Bd3
b6 9. O-O Ba6 10. h3 Bxd3 11. Qxd3 Nbd7 12. Bf4 Re8 13. Bh2 Bf8 14. Rfe1 Qb8 15.
a4 h6 16. Nd2 Ne5 17. Qf1 g5 18. Kh1 Ng6 19. Nc4 Nd7 20. Ne3 Nde5 21. Nf5 Qd8
22. Ra3 Nf4 23. Ne2 Nc4 24. Nxf4 Nxa3 25. Nh5 Nc2 26. Rc1 Nd4 27. Nxd4 cxd4 28.
Qd3 Bg7 29. Rf1 Qe7 30. f3 Bh8 31. Ng3 Be5 32. Nf5 Qf6 33. f4 gxf4 34. Bxf4 Bxf4
35. Rxf4 Re5 36. Qg3+ Kh8 37. Nxd4 Qg6 38. Qf3 Rg5 39. Nf5 Re8 40. h4 Rxf5 41.
Rxf5 Re7 42. Rf6 Qh7 43. Rxd6 Rxe4 44. Qc3+ f6 45. Qxf6+ Qg7 46. Rd8+ 1-0

[Event "1st Grand Europe Open"]
[Site "Golden Sands BUL"]
[Date "2012.06.04"]
[Round "1.22"]
[White "Skomorokhina, Tatyana"]
[Black "Li, Shilong"]
[Result "0-1"]
[WhiteTitle "WFM"]
[BlackTitle "GM"]
[WhiteElo "2161"]
[BlackElo "2553"]
[WhiteFideId "4124766"]
[BlackFideId "8600678"]
[EventDate "2012.06.04"]
[EventType "swiss"]

1. d4 Nf6 2. Nf3 g6 3. g3 Bg7 4. Bg2 O-O 5. O-O d6 6. c4 Nbd7 7. Nc3 e5 8. b3
Re8 9. Qc2 c6 10. Rd1 exd4 11. Nxd4 Nc5 12. Bb2 a5 13. a3 Qe7 14. e3 Bg4 15. Rd2
Qd7 16. b4 axb4 17. axb4 Rxa1+ 18. Bxa1 Ne6 19. b5 Nxd4 20. Rxd4 Bh3 21. Qd1
Bxg2 22. Kxg2 Rd8 23. Bb2 h5 24. h3 Nh7 25. Rd2 Ng5 26. h4 Bxc3 27. Bxc3 Ne4 28.
Ba5 Nxd2 29. Bxd8 Nxc4 30. Bf6 cxb5 31. Qd4 Qe6 32. Qa1 Kh7 33. Bd4 Qe4+ 34. Kg1
Nd2 35. Bh8 Qb1+ 36. Qxb1 Nxb1 37. Bf6 b4 38. Kf1 Nc3 39. Ke1 Ne4 40. Bd4 d5 41.
Be5 f6 42. Bc7 Nxf2 0-1

[Event "1st Grand Europe Open"]
[Site "Golden Sands BUL"]
[Date "2012.06.04"]
[Round "1.25"]
[White "Nikolov, Momchil"]
[Black "Zavialov, Volodymyr"]
[Result "1-0"]
[WhiteTitle "GM"]
[WhiteElo "2553"]
[BlackElo "2155"]
[WhiteFideId "2905710"]
[BlackFideId "14137739"]
[EventDate "2012.06.04"]
[EventType "swiss"]

1. d4 d6 2. e4 Nf6 3. f3 Nbd7 4. c4 c5 5. d5 g6 6. Nh3 Bg7 7. Nc3 Ne5 8. Nf2 a6
9. a4 Rb8 10. Be2 h6 11. f4 Ned7 12. O-O O-O 13. Bd3 Ne8 14. Be3 Nc7 15. Qd2 Kh7
16. e5 dxe5 17. f5 b6 18. Ng4 e4 19. Bxe4 Nf6 20. fxg6+ fxg6 21. Bxg6+ Kxg6 22.
Ne5+ Kh7 23. Nc6 Qe8 24. Nxb8 Bb7 25. Nc6 Bxc6 26. dxc6 Qxc6 27. Qd3+ Kh8 28.
Rf3 Ne6 29. Raf1 Rd8 30. Qg6 Nf8 31. Qg3 Qe6 32. Nd5 Nxd5 33. cxd5 Qxd5 34. Rf7
Ne6 35. Rxe7 Rf8 36. Qxg7+ Nxg7 37. Rxf8+ Kh7 38. Rff7 Qd1+ 39. Kf2 Qc2+ 40. Kf3
Qd1+ 41. Kg3 Qd6+ 42. Kh3 Kh8 43. Rxg7 Qc6 44. Bf4 Qc8+ 45. Rd7 Qe8 46. Rge7
Qh5+ 47. Kg3 Qg6+ 48. Kf3 Qh5+ 49. Ke3 1-0

[Event "1st Grand Europe Open"]
[Site "Golden Sands BUL"]
[Date "2012.06.04"]
[Round "1.26"]
[White "Arnaudov, Petar"]
[Black "Sethuraman, S.P."]
[Result "0-1"]
[BlackTitle "GM"]
[WhiteElo "2154"]
[BlackElo "2546"]
[WhiteFideId "2901706"]
[BlackFideId "5021596"]
[EventDate "2012.06.04"]
[EventType "swiss"]

1. e4 c5 2. b4 cxb4 3. d4 e6 4. a3 d5 5. e5 Nc6 6. axb4 Bxb4+ 7. c3 Be7 8. Bd3
Qc7 9. Ne2 f6 10. f4 Nh6 11. O-O O-O 12. Ng3 Bd7 13. Qh5 f5 14. Ba3 Bxa3 15.
Rxa3 b5 16. Ne2 a5 17. Nd2 Rab8 18. Rc1 Qb6 19. Nb3 Rfc8 20. Raa1 Be8 21. Qh4 b4
22. Qe1 bxc3 23. Rxc3 a4 24. Rxa4 Nxe5 25. fxe5 Rxc3 26. Qxc3 Bxa4 27. Nc5 Bb5
28. h3 Bxd3 29. Qxd3 Qb1+ 30. Qxb1 Rxb1+ 31. Kf2 Kf7 32. Nf4 Rb6 33. Kf3 g5 34.
Nfd3 f4 35. h4 gxh4 36. Nxf4 Nf5 37. Kg4 Nxd4 38. Kxh4 Rb5 39. Ncd3 Nc6 40. g4
d4 41. Ne2 Nxe5 42. Nxe5+ Rxe5 43. Nxd4 0-1

[Event "1st Grand Europe Open"]
[Site "Golden Sands BUL"]
[Date "2012.06.04"]
[Round "1.27"]
[White "Szabo, Gergely-Andras-Gyula"]
[Black "Stoichkov, Simeon"]
[Result "1-0"]
[WhiteTitle "GM"]
[WhiteElo "2540"]
[BlackElo "2154"]
[WhiteFideId "1205064"]
[BlackFideId "2919265"]
[EventDate "2012.06.04"]
[EventType "swiss"]

1. e4 e6 2. d4 d5 3. Nd2 c5 4. exd5 exd5 5. dxc5 Bxc5 6. Nb3 Bb6 7. Nf3 Nf6 8.
Bb5+ Nc6 9. O-O O-O 10. c3 Ne4 11. Nbd4 Qf6 12. Be3 Bg4 13. Qd3 Rad8 14. Rae1
Qd6 15. Ba4 Nc5 16. Qc2 a6 17. Bxc6 bxc6 18. h3 Bxf3 19. Nxf3 Bc7 20. Bd4 Ne4
21. Be5 Qe7 22. Bxc7 Qxc7 23. Re2 Rd6 24. c4 Qd7 25. Rd1 Rd8 26. Ne5 Qf5 27.
Nxc6 Rxc6 28. Qxe4 Qc8 29. cxd5 Rg6 30. Red2 Rgd6 31. Rd3 Qc2 32. Qe5 h6 33. a3
Rf6 34. R3d2 Qc5 35. b4 Qb5 36. Rc1 Rfd6 37. Rc5 Qd7 38. Rd3 Re8 39. Qc3 Qf5 40.
Rg3 Rf6 41. Rf3 Qb1+ 42. Kh2 Rg6 43. Rc8 Qe4 44. Rxe8+ Qxe8 45. Rg3 Qb8 46. Kg1
Rxg3 47. Qxg3 Qe8 48. Qe3 Qd8 49. Qd4 Qd7 50. d6 Kf8 51. Qb6 f5 52. Qxa6 Qe6 53.
Qb6 Qe1+ 54. Kh2 Qe5+ 55. g3 Kf7 56. d7 f4 57. d8=N+ 1-0